000 00300 a2200109 4500
001 ART_53760
005 20260410161634.0
008 260409a
245 1 0 _aCómo tomar decisiones más efectivas
100 1 _aBonatti, Patricia
773 0 _tEnfoques
_g- N°9 (sep. 2021)
_wREV416
999 _c12683
_d12683